| 000 | 00660nam a2200217 a 4500 | ||
|---|---|---|---|
| 001 | BRCA_7226 | ||
| 005 | 20190320205746.0 | ||
| 008 | 180112s1749----fr-ab#####---#000-0#fre-# | ||
| 041 | _afre | ||
| 044 | _afr | ||
| 050 | 4 |
_aQH45 _b.S64 |
|
| 245 | 1 | 0 | _aLe spectacle de la nature, ou entrtiens sur les particularites de i´histoire naturelle |
| 260 |
_aParís _bV. Estienne & Fils _c1749 |
||
| 300 |
_a8 v. _bil., mapas _c17 cm. |
||
| 500 | _aCon ex-libris de: Lewis Montoliew | ||
| 500 | _aEstado físico: v. 1, 2, 3, 5, 8. tienen su encuadernación deteriorada. | ||
| 500 | _aP126 | ||
| 650 | 1 | 4 |
_aHistoria natural _910072 |
| 902 | _aGFM | ||
| 942 |
_2lcc _cB |
||
| 999 |
_c6907 _d6907 |
||